Normal view
MARC view
- Clark, Mark
Entry Personal Name
001 - CONTROL NUMBER
- control field: 105809
003 - CONTROL NUMBER IDENTIFIER
- control field: NUST
005 - DATE AND TIME OF LATEST TRANSACTION
- control field: 20221224122318.0
008 - FIXED-LENGTH DATA ELEMENTS
- fixed length control field: 221224|| aca||aabn | a|a d
040 ## - CATALOGING SOURCE
- Original cataloging agency: NUST
- Transcribing agency: NUST
100 ## - HEADING--PERSONAL NAME
- Personal name: Clark, Mark
670 ## - SOURCE DATA FOUND
- Source citation: Work cat.: (NUST)185252: Clark, Mark , Calculated risk :, 1951
